000 00776nam a22002417a 4500
001 0011925
003 DO-SdBNP
005 20180216105138.0
007 0011925
008 161207b 1992 cu||||| |||| 00| 0 spa d
040 _aBPMSU
_bspa
_cBPMSU
100 1 _aVian Altarriba, Ivette
245 1 _aCurundán y Busula /
_cIvette Vian Altarriba ; edición Dolores Blanco Arrastía ; ilustraciones Manuel Tomás González
260 _aLa Habana, Cuba :
_bGente Nueva,
_c1992.
300 _a79 p. :
_bil.,
_c24 cm.
490 1 _aBiblioteca escolar
700 1 _aBlanco Arrastía, Dolores,
_eed.
700 1 _aGonzález, Manuel Tomás
_eil.
830 0 _aBiblioteca escolar
942 _2ddc
_cBK
945 _aInventariado, 2018/MFF
956 _aBTAVÁREZ
_b10
_c20161207
_d0011925
999 _c12347
_d12347